Language Quiz

Random Language or World Quiz

Languages of the World Quiz Stats

 Plays Quiz Updated Nov 27, 2017

Challenge
Share
Tweet
Embed
Score 0/15 Timer 03:00
6 Plays Today
% Correct
United Kingdom
98.1%
China
97.6%
India
97%
Netherlands
93.9%
Iran
88.2%
Indonesia
79.1%
Madagascar
72.6%
Cambodia
71.1%
% Correct
Philippines
66.2%
Sri Lanka
65.7%
Burundi
64%
Ethiopia
55.9%
Nigeria
55.2%
South Africa
51.2%
Pakistan
45.2%

You're not logged in!

Compare scores with friends on all Sporcle quizzes.
Join for Free
OR
Log In

You Might Also Like...

Show Comments

Extras

Top Quizzes Today


Score Distribution

Your Account Isn't Verified!

In order to create a playlist on Sporcle, you need to verify the email address you used during registration. Go to your Sporcle Settings to finish the process.

Report this User

Report this user for behavior that violates our Community Guidelines.

Details: